Leader xxxxxxxxxx
001 __ 102474/4/01
005 __ 20170410105906.774
010 0_ |a9789865617141|b平裝|d新臺幣350元
020 __ |atw|b104007928
042 __ |anbic
100 __ |a20170410d2015 k y0chiy50 e
101 0_ |achi
102 __ |atw
105 __ |aa z 000cy
200 1_ |a誰的青春不迷茫|f劉同著
205 __ |a初版
210 __ |a臺北市|c精誠資訊|d2015[民104]
215 0_ |a426面|c圖|d21公分
300 __ |a封面副題名:一個人,十年光陰。一座城,瞬息萬變。
517 1_ |a一個人,十年光陰。一座城,瞬息萬變。|zchi
517 1_ |a1個人,10年光陰 1座城,瞬息萬變|zchi
606 __ |2cst|a勵志故事
606 __ |2cst|a散文
700 _1 |a劉|b同|4著
681 __ |a855|b875
801 _0 |atw|bLibDipper|c20170410|gCCR
|